| 000 | 01255nam a2200277Ia 4500 | ||
|---|---|---|---|
| 999 |
_c54193 _d54193 |
||
| 001 | 21249 | ||
| 003 | GE_BSU | ||
| 005 | 20211018172606.0 | ||
| 008 | 181216s2015||||ge |||||||||||||| ||geo|| | ||
| 020 | _a9789941064432 | ||
| 040 | _cGE_BSU | ||
| 041 | _ageo | ||
| 080 | _a159.925.8 გ-51 | ||
| 100 |
_aგიორგაშვილი, გიორგი _912361 |
||
| 245 |
_aსხეულის ენა და აზრების წაკითხვის ხელოვნება / _c გიორგი გიორგაშვილი ; რედაქტორი ანა გიორგაშვილი. |
||
| 264 |
_aთბილისი : _bთეკა & კომპანია, _c2015. |
||
| 300 |
_a152 გვ. : _bილ. ; _c20 სმ. |
||
| 504 | _aბიბლიოგრაფია გვ.150 | ||
| 541 | _h13ლ. 80თ. | ||
| 653 | _aარავერბალური კომუნიკაცი | ||
| 653 | _aსხეულის ენა | ||
| 653 | _aაზრების წაკითხვის ხელოვნება | ||
| 653 | _aფსიქოლოგია | ||
| 700 |
_a გიორგაშვილი, ანა _eრედაქტორი _912682 |
||
| 942 |
_cBK _2udc |
||